[Event "2BLW 2223 SF Neuberg - SV Oberursel"]
[Site "?"]
[Date "2022.10.23"]
[Round "2.6"]
[White "Lutz, Klaus-Juergen"]
[Black "Stork, Oliver"]
[Result "1/2-1/2"]
[WhiteElo "2262"]
[BlackElo "2338"]
[PlyCount "149"]
[EventDate "2022.??.??"]

1. e4 c6 2. d4 d5 3. exd5 cxd5 4. Nf3 Nf6 5. Ne5 g6 6. Bb5+ Nbd7 7. O-O Bg7 8. a4 O-O 9. Re1 Nxe5 10. dxe5 Ng4 11. Bf4 f6 12. exf6 Bxf6 13. Qd2 Bxb2 14. Ra2 Bg7 15. Bg3 Bf5 16. Nc3 Qa5 17. Ra3 Rac8 18. Rxe7 Bxc3 19. Qxd5+ Kh8 20. Qxb7 Bd4 21. Rxh7+ Kg8 22. Re7 Qd2 23. Bf1 Nf6 24. Rf3 Rxc2 25. Qb3+ Kh8 26. Bh4 Nd5 27. Re2 Qxe2 28. Bxe2 Rxe2 29. h3 Be5 30. Bg3 Bxg3 31. fxg3 Rxg2+ 32. Kxg2 Be4 33. Qb2+ Kh7 34. Qe5 Bxf3+ 35. Kf2 Be4+ 36. Ke1 Rf7 37. h4 Rc7 38. h5 Rc1+ 39. Kd2 Rc2+ 40. Ke1 Rc1+ 41. Kd2 Rc2+ 42. Ke1 Nc3 43. hxg6+ Kxg6 44. Qe8+ Kg5 45. Qg8+ Kh5 46. Kf1 Bd3+ 47. Kg1 Be4 48. Kf1 a5 49. Qd8 Bg2+ 50. Kg1 Be4 51. Kf1 Bg2+ 52. Kg1 Be4 53. Kf1 Kg4 54. Qh4+ Kf5 55. Qh5+ Ke6 56. Qxa5 Nd5 57. Qa7 Ra2 58. Qc5 Rc2 59. Qa7 Bd3+ 60. Kg1 Rc1+ 61. Kf2 Rc2+ 62. Kg1 Ke5 63. Qg7+ Ke4 64. Qg6+ Ke3 65. Qg5+ Kd4 66. Qg7+ Ke4 67. Qg6+ Kd4 68. Qg7+ Kc4 69. Qg4+ Kc3 70. Qg7+ Kc4 71. Qg4+ Kc5 72. Qc8+ Kd4 73. Qh8+ Ke3 74. Qh6+ Kd4 75. Qg7+ 1/2-1/2

[Event "2BLW 2223 SF Neuberg - SV Oberursel"]
[Site "?"]
[Date "2022.10.23"]
[Round "2.7"]
[White "Weber, Samuel"]
[Black "Schaffer, Hendrik"]
[Result "1/2-1/2"]
[WhiteElo "2190"]
[BlackElo "2221"]
[PlyCount "154"]
[EventDate "2022.??.??"]

1. c4 Nf6 2. g3 g6 3. Bg2 Bg7 4. Nc3 O-O 5. Nf3 d5 6. cxd5 Nxd5 7. Qb3 Nb6 8. h4 h5 9. d3 Be6 10. Qa3 Nc6 11. O-O Bg4 12. Be3 e5 13. Nh2 Bd7 14. Ne4 Rb8 15. Nc5 Bc8 16. Na6 Ra8 17. Rac1 Re8 18. Rxc6 bxc6 19. Bxc6 Bxa6 20. Qxa6 Re6 21. Bxa8 Qxa8 22. Bd2 e4 23. b3 Nd5 24. Qc4 Nb6 25. Qc2 Rc6 26. Qb1 Qd8 27. Bg5 f6 28. Rc1 Rxc1+ 29. Bxc1 exd3 30. Qxd3 Qxd3 31. exd3 Nd5 32. Bd2 Bf8 33. Kf1 Nb4 34. Bxb4 Bxb4 35. Ke2 Kf7 36. Nf1 Ke6 37. d4 c5 38. dxc5 Bxc5 39. Ne3 Ke5 40. Ng2 g5 41. hxg5 fxg5 42. f4+ Kf5 43. fxg5 Kxg5 44. Kf3 Ba3 45. Ne3 a5 46. Nc4 Bb4 47. a3 Bc5 48. Nxa5 Bxa3 49. Nc6 Bc5 50. b4 Bd6 51. b5 Bc7 52. Ne7 Bb6 53. Nd5 Bc5 54. Nf4 Bb6 55. Nd3 Bc7 56. Kg2 h4 57. gxh4+ Kxh4 58. Kf3 Kg5 59. Ke4 Kf6 60. Kd5 Ke7 61. Kc6 Kd8 62. Kb7 Kd7 63. Nc5+ Kd6 64. Ne4+ Kd7 65. Nf6+ Kd8 66. Nd5 Bg3 67. Nb4 Kd7 68. Nd3 Bh2 69. Nc5+ Kd6 70. Ne4+ Kd5 71. Nd2 Bf4 72. Nb1 Kc4 73. Kc6 Kb3 74. b6 Kb2 75. Nd2 Bxd2 76. b7 Bf4 77. b8=Q+ Bxb8 1/2-1/2

[Event "2BLW 2223 SF Neuberg - SV Oberursel"]
[Site "?"]
[Date "2022.10.23"]
[Round "2.8"]
[White "Bethke, Robert"]
[Black "Dolzhykova, Kateryna"]
[Result "0-1"]
[WhiteElo "2100"]
[BlackElo "2190"]
[PlyCount "70"]
[EventDate "2022.??.??"]

1. d4 Nf6 2. c4 g6 3. Nc3 Bg7 4. Nf3 d6 5. e4 O-O 6. Be2 e5 7. dxe5 dxe5 8. Qxd8 Rxd8 9. Bg5 Re8 10. Bxf6 Bxf6 11. O-O Bg4 12. Rfd1 Nc6 13. h3 Bxf3 14. Bxf3 Nd4 15. Nb5 Re7 16. Nxd4 exd4 17. Kf1 c5 18. Ke2 a6 19. Kd3 Rb8 20. b3 Bg5 21. g3 b5 22. Bg2 bxc4+ 23. Kxc4 Rb4+ 24. Kxc5 Reb7 25. Bf1 Be7+ 26. Kd5 Rd7+ 27. Kc6 Rd6+ 28. Kc7 Kf8 29. Rac1 Ke8 30. Rc4 Rd7+ 31. Kc6 Rbb7 32. e5 Bd8 33. Kc5 Rb5+ 34. Kc6 Ke7 35. Rc5 Rb6# 0-1

[Event "2BLW 2223 Düsseldorfer SK - SG Porz"]
[Site "?"]
[Date "2022.10.23"]
[Round "2.1"]
[White "Lutz, Christopher"]
[Black "Berelowitsch, Alexander"]
[Result "1/2-1/2"]
[WhiteElo "2532"]
[BlackElo "2497"]
[PlyCount "99"]
[EventDate "2022.??.??"]

1. e4 c5 2. Nf3 g6 3. d4 cxd4 4. Nxd4 Bg7 5. c4 Nc6 6. Be3 Nf6 7. Nc3 Ng4 8. Qxg4 Nxd4 9. Qd1 e5 10. Bd3 O-O 11. O-O d6 12. Qd2 Be6 13. Ne2 a6 14. Nxd4 exd4 15. Bh6 Bxh6 16. Qxh6 Rc8 17. b3 b5 18. cxb5 axb5 19. Qd2 f6 20. Rad1 d5 21. Rfe1 dxe4 22. Bxe4 Bf7 23. Qxd4 Qxd4 24. Rxd4 Rfd8 25. Rdd1 b4 26. Kf1 f5 27. Bb7 Rxd1 28. Rxd1 Rc2 29. Bd5 Rxa2 30. Bxf7+ Kxf7 31. Rd4 Rb2 32. Rxb4 g5 33. h3 h5 34. g3 g4 35. h4 Kf6 36. Rb5 Ke6 37. Ke1 Kf6 38. Rb8 Ke5 39. Re8+ Kd4 40. Re3 Kd5 41. Kf1 Kd4 42. Kg2 Rb1 43. Re8 Rxb3 44. Rh8 f4 45. gxf4 Ke4 46. Rxh5 Kxf4 47. Ra5 Rh3 48. h5 Rh4 49. Rb5 Rh3 50. Ra5 1/2-1/2

[Event "2BLW 2223 Düsseldorfer SK - SG Porz"]
[Site "?"]
[Date "2022.10.23"]
[Round "2.2"]
[White "Orlov, Andrey"]
[Black "Braun, Christian"]
[Result "1/2-1/2"]
[WhiteElo "2510"]
[BlackElo "2437"]
[PlyCount "31"]
[EventDate "2022.??.??"]

1. e4 e6 2. d4 d5 3. e5 c5 4. c3 Qb6 5. Nf3 Nc6 6. a3 Nh6 7. b4 cxd4 8. cxd4 Nf5 9. Be3 f6 10. b5 Nxe3 11. fxe3 Nxe5 12. dxe5 Qxe3+ 13. Qe2 Qc1+ 14. Qd1 Qe3+ 15. Qe2 Qc1+ 16. Qd1 1/2-1/2

[Event "2BLW 2223 Düsseldorfer SK - SG Porz"]
[Site "?"]
[Date "2022.10.23"]
[Round "2.3"]
[White "Rotstein, Arkadij"]
[Black "Levin, Felix"]
[Result "1/2-1/2"]
[WhiteElo "2464"]
[BlackElo "2451"]
[PlyCount "31"]
[EventDate "2022.??.??"]

1. Nf3 d5 2. d4 Nf6 3. c4 dxc4 4. e3 e6 5. Bxc4 a6 6. O-O c5 7. dxc5 Qxd1 8. Rxd1 Bxc5 9. b3 b6 10. Bb2 Bb7 11. Nbd2 Nbd7 12. Be2 O-O 13. Nc4 Rfd8 14. Rac1 Kf8 15. a3 Rac8 16. h3 1/2-1/2

[Event "2BLW 2223 Düsseldorfer SK - SG Porz"]
[Site "?"]
[Date "2022.10.23"]
[Round "2.4"]
[White "Stark, Lars"]
[Black "Suvorov, Alexander"]
[Result "1/2-1/2"]
[WhiteElo "2365"]
[BlackElo "2342"]
[PlyCount "25"]
[EventDate "2022.??.??"]

1. c4 e5 2. g3 Nf6 3. Bg2 c6 4. d4 exd4 5. Qxd4 d5 6. Nf3 Be7 7. cxd5 Qxd5 8. Nc3 Qh5 9. Bf4 Na6 10. O-O O-O 11. Qe5 Qxe5 12. Bxe5 Nd7 13. Bd4 1/2-1/2

[Event "2BLW 2223 Düsseldorfer SK - SG Porz"]
[Site "?"]
[Date "2022.10.23"]
[Round "2.5"]
[White "Suvorov, Luca"]
[Black "De Gleria, Francesco"]
[Result "1-0"]
[WhiteElo "2302"]
[BlackElo "2373"]
[PlyCount "77"]
[EventDate "2022.??.??"]

1. d4 Nf6 2. c4 e6 3. Nc3 Bb4 4. e3 c5 5. Nge2 b6 6. a3 Ba5 7. Rb1 Na6 8. g3 Bb7 9. d5 b5 10. Bg2 bxc4 11. O-O O-O 12. e4 exd5 13. e5 Ng4 14. Bxd5 Qb8 15. Bf4 Nc7 16. Bxb7 Qxb7 17. h3 Nh6 18. Bxh6 gxh6 19. Nf4 Bxc3 20. bxc3 Qc6 21. Qg4+ Kh8 22. Rbd1 f5 23. Qh5 Ne8 24. Rfe1 Ng7 25. Qh4 Rae8 26. Re3 h5 27. Rd6 Qc7 28. Rh6 Rf7 29. Nd5 Qb7 30. Nf6 Qb1+ 31. Kh2 f4 32. Re1 fxg3+ 33. Qxg3 Qf5 34. Rxh7+ Qxh7 35. Nxh7 Kxh7 36. Rg1 Re6 37. f4 Ree7 38. Qg5 Kh8 39. f5 1-0

[Event "2BLW 2223 Düsseldorfer SK - SG Porz"]
[Site "?"]
[Date "2022.10.23"]
[Round "2.6"]
[White "Agrest, Inna"]
[Black "Pauly, Carlo"]
[Result "0-1"]
[WhiteElo "2260"]
[BlackElo "2298"]
[PlyCount "68"]
[EventDate "2022.??.??"]

1. e4 c5 2. Nf3 d6 3. d4 cxd4 4. Nxd4 Nf6 5. Nc3 a6 6. Bg5 Nbd7 7. Qe2 h6 8. Be3 b5 9. O-O-O Bb7 10. f3 e6 11. Bf2 Be7 12. g4 b4 13. Nb1 Qc7 14. Nd2 Rc8 15. N2b3 g6 16. Na1 d5 17. e5 Qxe5 18. Qd2 Qc7 19. Bd3 Ne5 20. Bg3 Nxd3+ 21. Qxd3 Qc4 22. Nab3 O-O 23. Qe3 Ba8 24. Qxh6 Nd7 25. Rd2 Bf6 26. Kb1 Bg7 27. Qg5 e5 28. Ne2 d4 29. Re1 Bxf3 30. h4 Bf6 31. Qh6 Bxg4 32. Nec1 Bf5 33. Nd3 Bg7 34. Qg5 f6 0-1

[Event "2BLW 2223 Düsseldorfer SK - SG Porz"]
[Site "?"]
[Date "2022.10.23"]
[Round "2.7"]
[White "Marcziter, Dmitrii"]
[Black "von Buenau, Heinrich"]
[Result "1/2-1/2"]
[WhiteElo "2262"]
[BlackElo "2200"]
[PlyCount "115"]
[EventDate "2022.??.??"]

1. d4 Nf6 2. c4 c6 3. Nc3 d5 4. Nf3 g6 5. Bf4 Bg7 6. e3 O-O 7. h3 a6 8. Bd3 dxc4 9. Bxc4 Nd5 10. Bg3 Nxc3 11. bxc3 c5 12. O-O cxd4 13. cxd4 Nc6 14. a4 Bf5 15. Qe2 Be4 16. Rfd1 e6 17. Nd2 Bd5 18. Rab1 Na5 19. Bd3 Rc8 20. Ne4 Bb3 21. Rdc1 Bxa4 22. Rxc8 Qxc8 23. Ra1 b5 24. Bd6 Rd8 25. Be7 Rd7 26. Nf6+ Bxf6 27. Bxf6 Nb3 28. Rb1 Nc1 29. Qd2 Nxd3 30. Qxd3 Qc2 31. Qxc2 Bxc2 32. Ra1 Ra7 33. Rc1 Rc7 34. Bd8 Rc4 35. Ba5 f5 36. f3 Kf7 37. Kf2 Bb3 38. Rxc4 Bxc4 39. h4 h6 40. g3 Bd5 41. g4 fxg4 42. fxg4 g5 43. hxg5 hxg5 44. Ke2 Be4 45. Kf2 Ke8 46. Ke2 Kd7 47. Bb4 Kc6 48. Kd2 Bf3 49. Be7 a5 50. Bd8 Bxg4 51. Bxg5 b4 52. e4 Bf3 53. Kd3 Kb5 54. d5 exd5 55. exd5 Bxd5 56. Kc2 Be4+ 57. Kb2 Kc4 58. Be7 1/2-1/2

[Event "2BLW 2223 Düsseldorfer SK - SG Porz"]
[Site "?"]
[Date "2022.10.23"]
[Round "2.8"]
[White "Rudolph, Eva"]
[Black "Sabirov, Ramil"]
[Result "1/2-1/2"]
[WhiteElo "1911"]
[BlackElo "2125"]
[PlyCount "61"]
[EventDate "2022.??.??"]

1. e4 c5 2. Nf3 e6 3. d4 cxd4 4. Nxd4 Nc6 5. Nc3 Qc7 6. Nxc6 bxc6 7. Bd3 d5 8. O-O Nf6 9. exd5 exd5 10. Re1+ Be7 11. Qe2 Be6 12. Bg5 O-O 13. Bh4 Rfe8 14. Bg3 Bd6 15. Qd2 Bxg3 16. hxg3 c5 17. Nb5 Qb6 18. a4 a6 19. a5 Qc6 20. Nc3 d4 21. Ne4 Nxe4 22. Bxe4 Bd5 23. Bxd5 Qxd5 24. b3 c4 25. bxc4 Qxc4 26. Rxe8+ Rxe8 27. Qd3 Qxd3 28. cxd3 Re5 29. Ra4 Kf8 30. Rxd4 Rxa5 31. Rd7 1/2-1/2

[Event "2BLW 2223 SV Mülheim Nord II - Aachene"]
[Site "?"]
[Date "2022.10.23"]
[Round "2.1"]
[White "Seel, Christian"]
[Black "Lenaerts, Lennert"]
[Result "1/2-1/2"]
[WhiteElo "2488"]
[BlackElo "2375"]
[PlyCount "50"]
[EventDate "2022.??.??"]

1. Nf3 d5 2. d4 Nf6 3. c4 c6 4. e3 Bf5 5. cxd5 cxd5 6. Qb3 Qc7 7. Bd2 Nc6 8. Bb5 e6 9. O-O Bd6 10. Bb4 O-O 11. Bxc6 bxc6 12. Nbd2 Rfc8 13. Rfc1 Nd7 14. Bxd6 Qxd6 15. h3 h6 16. Qc3 c5 17. Ne5 Nxe5 18. dxe5 Qb6 19. b3 a5 20. e4 Bxe4 21. Nxe4 dxe4 22. Rab1 Qb4 23. Qe3 Qd4 24. Rc4 Qxe5 25. Rxe4 Qd5 1/2-1/2

[Event "2BLW 2223 SV Mülheim Nord II - Aachene"]
[Site "?"]
[Date "2022.10.23"]
[Round "2.2"]
[White "Rezasade, Amir"]
[Black "Nagy, Gabor"]
[Result "1/2-1/2"]
[WhiteElo "2355"]
[BlackElo "2488"]
[PlyCount "80"]
[EventDate "2022.??.??"]

1. c4 Nf6 2. g3 c5 3. Bg2 Nc6 4. Nc3 g6 5. a3 Bg7 6. Rb1 e6 7. b4 cxb4 8. axb4 d5 9. cxd5 exd5 10. b5 Ne5 11. Nf3 Nxf3+ 12. Bxf3 Bf5 13. d3 Rc8 14. Na4 Bh3 15. b6 O-O 16. Bd2 a6 17. Qb3 Re8 18. Nc3 Rc6 19. Nxd5 Nxd5 20. Bxd5 Be6 21. Bxe6 Rexe6 22. Be3 Bd4 23. Bxd4 Qxd4 24. Qd1 Rxb6 25. Rxb6 Rxb6 26. O-O a5 27. e3 Qb4 28. Qa1 Qd2 29. Qd4 Qb2 30. Qa4 Rb5 31. Qc4 b6 32. d4 Qb4 33. Qc8+ Kg7 34. Rc1 a4 35. Qe8 Rf5 36. e4 Rf6 37. Qe5 Qd2 38. Rf1 a3 39. d5 b5 40. Qa1 b4 1/2-1/2

[Event "2BLW 2223 SV Mülheim Nord II - Aachene"]
[Site "?"]
[Date "2022.10.23"]
[Round "2.3"]
[White "Koch, Thomas"]
[Black "Van Osch, Mees"]
[Result "0-1"]
[WhiteElo "2446"]
[BlackElo "2342"]
[PlyCount "100"]
[EventDate "2022.??.??"]

1. d4 Nf6 2. c4 g6 3. Nc3 Bg7 4. e4 d6 5. f3 O-O 6. Be3 c5 7. Nge2 Nc6 8. d5 Ne5 9. Ng3 e6 10. Be2 exd5 11. cxd5 b5 12. Nxb5 Rb8 13. Qd2 h5 14. O-O h4 15. Nh1 h3 16. Nf2 hxg2 17. Kxg2 Nh5 18. Nxa7 f5 19. f4 Ng4 20. Nxg4 Rxb2 21. Nh6+ Kh7 22. Qe1 Ba6 23. Rf2 Rxe2 24. Rxe2 Bxe2 25. Qxe2 Bxa1 26. Nxf5 Qe8 27. Nxd6 Qd7 28. Nab5 Rxf4 29. a4 Rh4 30. Qf3 Kg8 31. Nc4 Nf6 32. Nbd6 Rg4+ 33. Kf1 Qxa4 34. e5 Bxe5 35. Nxe5 Qa1+ 36. Ke2 Qxe5 37. Ne8 Qb2+ 38. Kf1 Qb1+ 39. Ke2 Qc2+ 40. Ke1 Qc3+ 41. Kf2 Qb2+ 42. Kf1 Qb5+ 43. Kf2 Ne4+ 44. Ke1 Qb4+ 45. Kf1 Qb1+ 46. Ke2 Nc3+ 47. Kd2 Rg2+ 48. Qxg2 Qb2+ 49. Kd3 Qxg2 50. Kxc3 Qe2 0-1

[Event "2BLW 2223 SV Mülheim Nord II - Aachene"]
[Site "?"]
[Date "2022.10.23"]
[Round "2.4"]
[White "Van Meegen, Ruud"]
[Black "Vandenbussche, Thibaut"]
[Result "0-1"]
[WhiteElo "2277"]
[BlackElo "2418"]
[PlyCount "84"]
[EventDate "2022.??.??"]

1. Nf3 d5 2. g3 c5 3. Bg2 Nc6 4. d4 Nf6 5. O-O e6 6. c4 dxc4 7. dxc5 Qxd1 8. Rxd1 Bxc5 9. Nbd2 c3 10. bxc3 Bd7 11. Nb3 Be7 12. a4 Ne4 13. Bb2 Nc5 14. Nxc5 Bxc5 15. a5 O-O-O 16. Ng5 Be8 17. Rxd8+ Nxd8 18. c4 f6 19. Ne4 Be7 20. a6 Kb8 21. axb7 Nxb7 22. Ra6 e5 23. Nc3 Bf7 24. Nd5 Re8 25. Nxe7 Rxe7 26. Bd5 Bxd5 27. cxd5 Rd7 28. Bc1 Rd6 29. Rxd6 Nxd6 30. Kf1 a5 31. Ke1 a4 32. Kd2 Ne4+ 33. Ke3 Nc3 34. Kd3 Nxd5 35. e4 Nb6 36. Kc3 Kc7 37. Kb4 Kc6 38. g4 Nd7 39. Be3 Nc5 40. f3 Nd3+ 41. Kxa4 Ne1 42. Kb4 Nc2+ 0-1

[Event "2BLW 2223 SV Mülheim Nord II - Aachene"]
[Site "?"]
[Date "2022.10.23"]
[Round "2.5"]
[White "Lemmers, Oscar"]
[Black "Stillger, Bernhard"]
[Result "0-1"]
[WhiteElo "2354"]
[BlackElo "2279"]
[PlyCount "96"]
[EventDate "2022.??.??"]

1. e4 e5 2. Nf3 Nf6 3. Nxe5 d6 4. Nf3 Nxe4 5. Nc3 Nxc3 6. dxc3 Be7 7. Be3 O-O 8. Qd2 Nd7 9. O-O-O Nf6 10. Kb1 c5 11. c4 b5 12. cxb5 a6 13. a4 axb5 14. axb5 Ne4 15. Qe1 Be6 16. c4 Ra4 17. Nd2 Bf5 18. Nxe4 Bxe4+ 19. Kc1 Bf6 20. f3 Bg6 21. Kd2 Re8 22. Bd3 Bd4 23. Be4 Bxe4 24. Bxd4 Bg6 25. Be3 Rxc4 26. Ke2 Rxe3+ 27. Kxe3 Qg5+ 28. Ke2 Rc2+ 29. Rd2 Qxg2+ 30. Ke3 Rxd2 31. Qxd2 Qxh1 32. Qxd6 Qg1+ 33. Ke2 h6 34. b3 Qg2+ 35. Ke3 Qg1+ 36. Ke2 Qg2+ 37. Ke3 Qc2 38. Qd5 Qc3+ 39. Ke2 Qb2+ 40. Ke3 Qc3+ 41. Ke2 Qb4 42. Qc6 Qd4 43. f4 Qe4+ 44. Qxe4 Bxe4 45. Kd2 Kf8 46. Kc3 Bd5 47. b6 Ke7 48. b7 Bxb7 0-1

[Event "2BLW 2223 SV Mülheim Nord II - Aachene"]
[Site "?"]
[Date "2022.10.23"]
[Round "2.6"]
[White "Hoenig, Alexander"]
[Black "Piceu, Tom"]
[Result "0-1"]
[WhiteElo "2214"]
[BlackElo "2324"]
[PlyCount "58"]
[EventDate "2022.??.??"]

1. d4 d5 2. Nf3 c5 3. c3 Nc6 4. dxc5 a5 5. Na3 e5 6. Nb5 Nf6 7. Bg5 Be6 8. Bxf6 gxf6 9. Nd6+ Bxd6 10. cxd6 Qxd6 11. e4 O-O-O 12. exd5 Bxd5 13. Be2 Rhg8 14. O-O Qe6 15. Ng5 Rxg5 16. Bf3 e4 17. Be2 Qh3 18. g3 e3 19. Bf3 Ne5 20. Bxd5 Ng4 21. Bxb7+ Kc7 22. Qxg4 Qxg4 23. Bg2 e2 24. Rfe1 Rd1 25. f3 Qd7 26. Kf2 Qd2 27. Rxe2 Qxe2+ 28. Kxe2 Rxa1 29. f4 Rh5 0-1

[Event "2BLW 2223 SV Mülheim Nord II - Aachene"]
[Site "?"]
[Date "2022.10.23"]
[Round "2.7"]
[White "Klein, Felix"]
[Black "Albers, Sasa"]
[Result "1-0"]
[WhiteElo "2275"]
[BlackElo "2147"]
[PlyCount "102"]
[EventDate "2022.??.??"]

1. d4 Nf6 2. c4 e6 3. Nf3 b6 4. a3 Bb7 5. Bf4 Be7 6. Nc3 d5 7. cxd5 exd5 8. e3 O-O 9. Bd3 c5 10. Ne5 Nc6 11. Nxc6 Bxc6 12. O-O Qd7 13. Rc1 c4 14. Bb1 b5 15. Ne2 Rfe8 16. Qc2 g6 17. Bg5 Ne4 18. Bxe7 Qxe7 19. Nf4 a5 20. Qe2 Nf6 21. Rfd1 Rab8 22. h4 b4 23. b3 c3 24. axb4 axb4 25. h5 Ne4 26. Bxe4 dxe4 27. Qg4 Bd7 28. Qg3 Be6 29. d5 Bf5 30. hxg6 hxg6 31. Ne2 Qe5 32. Nd4 Qxd5 33. Ra1 Ra8 34. Qc7 Rac8 35. Qb6 Rb8 36. Qf6 Qc5 37. Ra6 Bd7 38. Rda1 Qe5 39. Qh4 Kg7 40. R6a5 Qe7 41. Qg3 Qf6 42. Ra7 Bb5 43. Rc7 Bd3 44. Raa7 c2 45. Rxf7+ Qxf7 46. Rxf7+ Kxf7 47. Nxc2 Bxc2 48. Qc7+ Kf6 49. Qxc2 Kg5 50. Qc5+ Kf6 51. Kh2 Re5 1-0

[Event "2BLW 2223 SV Mülheim Nord II - Aachene"]
[Site "?"]
[Date "2022.10.23"]
[Round "2.8"]
[White "Mainusch, Martin"]
[Black "Sonntag, Hans-Hubert"]
[Result "1/2-1/2"]
[WhiteElo "2062"]
[BlackElo "2312"]
[PlyCount "72"]
[EventDate "2022.??.??"]

1. Nf3 d5 2. g3 c6 3. Bg2 Bf5 4. O-O h6 5. b3 Nf6 6. Bb2 e6 7. d3 Be7 8. Nbd2 O-O 9. c4 a5 10. a3 Nbd7 11. Rc1 Bh7 12. Qc2 Bd6 13. Qb1 Qe7 14. Qa1 e5 15. cxd5 cxd5 16. e4 d4 17. a4 Nc5 18. Qb1 Nfd7 19. Nh4 Rab8 20. Ba3 Nxe4 21. Bxd6 Nxd6 22. Rfe1 b5 23. axb5 Nxb5 24. f4 Qb4 25. Qc2 exf4 26. gxf4 Nc3 27. f5 Rfe8 28. Ne4 Qxb3 29. Qxb3 Rxb3 30. Nc5 Rbb8 31. Nxd7 Rbd8 32. Rxe8+ Rxe8 33. Kf1 Rd8 34. Nb6 g5 35. fxg6 fxg6 36. Be4 Rf8+ 1/2-1/2

[Event "2BLW 2223 SC Siegburg - Aachener SV"]
[Site "?"]
[Date "2022.11.26"]
[Round "3.1"]
[White "Seel, Christian"]
[Black "Kovchan, Alexander"]
[Result "1/2-1/2"]
[WhiteElo "2487"]
[BlackElo "2475"]
[PlyCount "26"]
[EventDate "2022.??.??"]

1. Nf3 Nf6 2. c4 g6 3. Nc3 d5 4. cxd5 Nxd5 5. e4 Nxc3 6. dxc3 Qxd1+ 7. Kxd1 f6 8. Kc2 e5 9. Be3 Nd7 10. Nd2 Bc5 11. Bxc5 Nxc5 12. b4 Ne6 13. Bc4 a5 1/2-1/2

[Event "2BLW 2223 SC Siegburg - Aachener SV"]
[Site "?"]
[Date "2022.11.26"]
[Round "3.2"]
[White "Baklan, Vladimir"]
[Black "Koch, Thomas"]
[Result "0-1"]
[WhiteElo "2549"]
[BlackElo "2435"]
[PlyCount "80"]
[EventDate "2022.??.??"]

1. e4 c5 2. Nf3 d6 3. d4 cxd4 4. Nxd4 Nf6 5. Nc3 a6 6. h3 e6 7. g4 d5 8. Nde2 Bb4 9. Bg2 Nc6 10. a3 Ba5 11. exd5 Nxd5 12. b4 Nxc3 13. Nxc3 Qf6 14. Bd2 Bc7 15. Ne4 Qg6 16. O-O O-O 17. f4 Bb6+ 18. Nc5 Rd8 19. Rf2 f5 20. gxf5 Qxf5 21. Qc1 Nd4 22. Be3 Qh5 23. Qe1 Nf5 24. Kh2 a5 25. c3 Qg6 26. Rd2 Re8 27. Be4 Qh6 28. Bxf5 exf5 29. Qg1 Bc7 30. Nd3 Ra6 31. Rg2 Rg6 32. Re1 Rg4 33. Rg3 Re6 34. Rxg4 fxg4 35. Qxg4 Re8 36. Qg3 Bf5 37. Ne5 axb4 38. cxb4 Ra8 39. Qg2 Be6 40. Ra1 Bxe5 0-1

[Event "2BLW 2223 SC Siegburg - Aachener SV"]
[Site "?"]
[Date "2022.11.26"]
[Round "3.3"]
[White "Vandenbussche, Thibaut"]
[Black "Hoffmann, Michael"]
[Result "1/2-1/2"]
[WhiteElo "2430"]
[BlackElo "2416"]
[PlyCount "91"]
[EventDate "2022.??.??"]

1. e4 c5 2. Nf3 d6 3. Bb5+ Bd7 4. Bxd7+ Qxd7 5. O-O Nf6 6. Qe2 Nc6 7. Rd1 Rc8 8. d4 cxd4 9. Bg5 Ng4 10. c3 d3 11. Rxd3 g6 12. Nbd2 Bg7 13. a4 O-O 14. h3 Nge5 15. Nxe5 Nxe5 16. Rd5 e6 17. Rd4 Nc6 18. Rd3 Ne5 19. Rg3 d5 20. Qb5 Qc6 21. exd5 exd5 22. Be3 a6 23. Qxc6 bxc6 24. Bd4 Bh6 25. Bxe5 Bxd2 26. Rd1 Bh6 27. c4 Rfe8 28. Bc3 dxc4 29. Rg4 Bg7 30. Bxg7 Kxg7 31. Rxc4 Re2 32. b4 Rb2 33. Rd7 g5 34. Rc5 Kg6 35. Rd4 f6 36. g4 Re8 37. Rf5 Re6 38. Kg2 h5 39. Ra5 Ree2 40. Rf5 Red2 41. Rxd2 Rxd2 42. Ra5 hxg4 43. hxg4 Rd4 44. Kg3 Rxb4 45. Rxa6 c5 46. Rc6 1/2-1/2

[Event "2BLW 2223 SC Siegburg - Aachener SV"]
[Site "?"]
[Date "2022.11.26"]
[Round "3.4"]
[White "Omelja, Artem"]
[Black "Lemmers, Oscar"]
[Result "1/2-1/2"]
[WhiteElo "2446"]
[BlackElo "2353"]
[PlyCount "120"]
[EventDate "2022.??.??"]

1. Nf3 d5 2. e3 Nf6 3. c4 c6 4. Nc3 g6 5. d4 Bg7 6. Be2 O-O 7. O-O Bg4 8. cxd5 cxd5 9. Qb3 b6 10. h3 Bxf3 11. Bxf3 e6 12. Bd2 Nc6 13. Rfd1 Na5 14. Qc2 Nc4 15. Be1 Rc8 16. Rac1 Qd7 17. b3 Nd6 18. Qd3 Qb7 19. Be2 Rfd8 20. Qa6 Qxa6 21. Bxa6 Ra8 22. Ne2 Nfe8 23. Rc6 Bf8 24. Nf4 Nc8 25. Nd3 Bd6 26. Rdc1 Ne7 27. R6c2 Ba3 28. Bb4 Bxb4 29. Nxb4 Kf8 30. g4 g5 31. f3 h6 32. Kf2 Rab8 33. a4 Ra8 34. Kg3 Kg7 35. Nd3 Nd6 36. h4 Kf8 37. hxg5 hxg5 38. Ne5 f6 39. Nd3 Kf7 40. Nb4 Rd7 41. Rh2 Rg8 42. Rh7+ Rg7 43. Rhh1 Rg8 44. Rc2 Kg7 45. Bd3 Rh8 46. Rxh8 Kxh8 47. Nc6 Nxc6 48. Rxc6 Kg7 49. f4 Kf8 50. Kf3 Ke7 51. Ke2 Rd8 52. Rc7+ Rd7 53. Rc1 Rd8 54. Rh1 Rg8 55. Kf3 a5 56. Rh7+ Nf7 57. f5 exf5 58. Bxf5 Rh8 59. e4 Rxh7 60. Bxh7 Nd6 1/2-1/2

[Event "2BLW 2223 SC Siegburg - Aachener SV"]
[Site "?"]
[Date "2022.11.26"]
[Round "3.5"]
[White "Klein, Felix"]
[Black "Zavgorodniy, Sergiy"]
[Result "1-0"]
[WhiteElo "2271"]
[BlackElo "2409"]
[PlyCount "79"]
[EventDate "2022.??.??"]

1. e4 e5 2. Nf3 d6 3. d4 exd4 4. Nxd4 Nf6 5. Nc3 Be7 6. g3 h5 7. Bf4 c6 8. Qd2 Nbd7 9. Nf5 Ne5 10. O-O-O Bxf5 11. exf5 Qc7 12. Bg2 O-O 13. h3 d5 14. Bxe5 Qxe5 15. Rde1 Qc7 16. Bf3 Bd6 17. Kb1 Nd7 18. Bxh5 b5 19. Rd1 Be5 20. f4 Bf6 21. g4 Nc5 22. g5 Bxc3 23. Qxc3 Ne4 24. Qf3 b4 25. f6 Rfb8 26. g6 fxg6 27. Bxg6 Nxf6 28. h4 b3 29. cxb3 Rb4 30. Rde1 Rf8 31. a3 Ne4 32. Qh5 Nf6 33. Qe5 Rb7 34. Qe6+ Kh8 35. h5 Ng8 36. f5 Rxb3 37. h6 gxh6 38. f6 Qc8 39. Qxc8 Rxc8 40. f7 1-0

[Event "2BLW 2223 SC Siegburg - Aachener SV"]
[Site "?"]
[Date "2022.11.26"]
[Round "3.6"]
[White "Roshka, Yevgeniy"]
[Black "Sonntag, Hans-Hubert"]
[Result "1-0"]
[WhiteElo "2510"]
[BlackElo "2309"]
[PlyCount "131"]
[EventDate "2022.??.??"]

1. d4 Nf6 2. c4 e6 3. Nf3 d5 4. Nbd2 c5 5. cxd5 exd5 6. g3 Nc6 7. Bg2 cxd4 8. O-O Be7 9. Nb3 O-O 10. Nbxd4 Qb6 11. Nb3 Qd8 12. Be3 Bf5 13. Rc1 Rc8 14. Nfd4 Nxd4 15. Qxd4 b6 16. Rxc8 Qxc8 17. Rc1 Qa6 18. Qe5 Be6 19. Nd4 Ng4 20. Qc7 Bf6 21. Nxe6 fxe6 22. Qd7 Nxe3 23. Qxe6+ Kh8 24. Qxe3 Qxa2 25. b3 Qb2 26. Rd1 d4 27. Qe6 Qc2 28. Rf1 Qc8 29. Qd5 Qd8 30. Qb5 Qc7 31. Be4 Qe5 32. Qd3 g6 33. Rc1 Kg7 34. Kg2 Re8 35. Bf3 Re7 36. Rc8 Re8 37. Rc6 Re6 38. Rc4 Re7 39. Qc2 Qf5 40. Qd2 Qe5 41. Qc1 Qf5 42. h4 Be5 43. Qd2 Qd7 44. Qg5 Qf5 45. Qc1 Qf7 46. Qg5 Qf6 47. Qg4 Qf5 48. Qxf5 gxf5 49. Rc6 Rc7 50. Re6 Bf6 51. Rd6 Re7 52. h5 h6 53. Kf1 Re8 54. Ke1 Rd8 55. Rc6 d3 56. Rc7+ Kf8 57. Rxa7 Bc3+ 58. Kd1 dxe2+ 59. Kxe2 Bb4 60. Ra4 Re8+ 61. Kf1 Re1+ 62. Kg2 Bd6 63. Bd5 Ke7 64. Ra7+ Kf6 65. Rh7 Ke5 66. Bc4 1-0

[Event "2BLW 2223 SC Siegburg - Aachener SV"]
[Site "?"]
[Date "2022.11.26"]
[Round "3.7"]
[White "Begnis, Nikolaos"]
[Black "Albrecht, Oliver"]
[Result "1-0"]
[WhiteElo "2260"]
[BlackElo "2172"]
[PlyCount "103"]
[EventDate "2022.??.??"]

1. e4 c5 2. Nf3 d6 3. d4 cxd4 4. Qxd4 Nc6 5. Bb5 Bd7 6. Bxc6 Bxc6 7. Nc3 Nf6 8. Bg5 e6 9. O-O-O Be7 10. Qd3 O-O 11. h4 Qc7 12. Nd4 Rfd8 13. f4 Rab8 14. f5 e5 15. Bxf6 Bxf6 16. Nde2 Rbc8 17. Rd2 Qa5 18. a3 b5 19. Nd5 Bxd5 20. Qxd5 Rc5 21. Qb3 b4 22. Qxb4 Qxb4 23. axb4 Rc4 24. Nc3 Rxb4 25. g3 Rdb8 26. b3 Rc8 27. Kb2 Rd4 28. Re2 Rb8 29. Ra1 Rb7 30. Ra6 g6 31. Nd5 Be7 32. f6 Bf8 33. Rc6 Rb8 34. Rc7 Ra8 35. Rd7 h6 36. Ne7+ Kh8 37. Nc6 Rd1 38. Rxf7 Kg8 39. Rd7 Rf1 40. Ne7+ Kf7 41. Nd5+ Ke6 42. Rb7 Rc8 43. Rxa7 Rf3 44. g4 Rd8 45. g5 hxg5 46. hxg5 Rg3 47. Rh2 Rg4 48. Nc7+ Kd7 49. Rh7+ Kc6 50. Nd5 Rxe4 51. c4 Kc5 52. Kc3 1-0